Statistics for R. Lee Ermey Filmography

Click here to take the quiz!

General Stats

  • This quiz has been taken 17 times
    (10 since last reset)
  • The average score is 48 of 142

Answer Stats

TypeYearName% Correct
Film1987Full Metal Jacket
100%
Film | Video Game1995Toy Story
100%
Film | Video Game1999Toy Story 2
100%
Film2010Toy Story 3
100%
Video Game2010Toy Story 3: The Video Game
100%
Film1979Apocalypse Now
67%
TV Show2001, 2011Family Guy
67%
TV Show1995, 2015The Simpsons
67%
TV Show2009, 2010, 2011Batman: The Brave and the Bold
50%
Video Game2010Batman: The Brave and the Bold - The Videogame
50%
TV Show2003Kim Possible
50%
Documentary Series2009Lock n' Load with R. Lee Ermey
50%
Film1994On Deadly Ground
50%
Video Game2001Real War: Air, Land, Sea
50%
Video Game2001Real War: Rogue States
50%
Film1995SE7EN
50%
TV Show2007SpongeBob SquarePants
50%
Film2003The Texas Chainsaw Massacre
50%
TV Film199083 Hours 'Til Dawn
33%
Film2002A.K.A. Birdseye
33%
TV Show1998All Dogs Go to Heaven: The Series
33%
Short Film2010An Okay Place to Eat
33%
Film1999Avalanche
33%
TV Show1999-2001Big Guy and Rusty the Boy Robot
33%
Film1993Body Snatchers
33%
Film2000Buzz Lightyear of Star Command: The Adventure Begins
33%
Video Game2013Call of Duty: Ghosts
33%
Film1994Chain of Command
33%
TV Show1997-1999Cracker
33%
Video Game2001Crash Bandicoot: The Wrath of Cortex
33%
Film1995Dead Man Walking
33%
Film1989Demonstone
33%
Video Game1993Double Switch
33%
TV Show2008Eleventh Hour
33%
Video Game2001Fallout Tactics: Brotherhood of Steel
33%
TV Show2004Father of the Pride
33%
Film1989Fletch Lives
33%
TV Film1994French Silk
33%
TV Show2015-2017GunnyTime with R. Lee Ermey
33%
Film1998Gunshy
33%
Film1993Hexed
33%
TV Show2005, 2008House
33%
TV Show1992Human Target
33%
TV Film1990I'm Dangerous Tonight
33%
TV Show2002Invader ZIM
33%
Film2000Jericho
33%
Film1990Kid
33%
TV Show2012, 2013, 2015Kung Fu Panda: Legends of Awesomeness
33%
TV Show2010Law & Order: Special Victims Unit
33%
Film1995Leaving Las Vegas
33%
Film1999Life
33%
Film1994Love Is a Gun
33%
Documentary Series2002-2007Mail Call
33%
Film2005Man of the House
33%
Film2001Megiddo: The Omega Code 2
33%
TV Show1987Miami Vice
33%
Film1988Mississippi Burning
33%
Film1995Murder in the First
33%
TV Show2004My Life as a Teenage Robot
33%
Film2001On the Borderline
33%
Film1997Prefontaine
33%
Film1984Purple Hearts
33%
Film2001Recess: School's Out
33%
TV Show2003Rocket Power
33%
TV Show1999-2000Roughnecks: Starship Troopers Chronicles
33%
TV Mini-Series1997Rough Riders
33%
Film2002Run Ronnie Run!
33%
Film2001Saving Silverman
33%
Film2001Scenes of the Crime
33%
TV Show2002[scrubs]
33%
Film2006Shark Bait
33%
Film2000Skipped Parts
33%
Film2008Solstice
33%
Film1993Sommersby
33%
TV Film1996Soul of the Game
33%
TV Show1995Space: Above and Beyond
33%
TV Show1992Street Justice
33%
TV Show1995Sweet Justice
33%
Film1997Switchback
33%
Film2001Taking Sides
33%
TV Show1994Tales from the Crypt
33%
TV Show1993The Adventures of Brisco County, Jr.
33%
TV Show1997The Angry Beavers
33%
TV Film1999The Apartment Complex
33%
Film1978The Boys in Company C
33%
Film2000The Chaos Factor
33%
Film1996The Frighteners
33%
TV Show2004The Grim Adventures of Billy & Mandy
33%
Film1990The Rift
33%
Film2002The Salton Sea
33%
Film1998The Sender
33%
Film1989The Siege of Firebase Gloria
33%
TV Film1990The Take
33%
Film1991The Terror Within II
33%
Film2006The Texas Chainsaw Massacre: The Beginning
33%
Film2012The Watch
33%
TV Show1995The X-Files
33%
Film1991Toy Soldiers
33%
TV Show1996, 1997Toy Story Treats
33%
Film1995Under the Hula Moon
33%
Film1979Up from the Depths
33%
TV Film1997Weapons of Mass Distraction
33%
Film2003Willard
33%
Film2006X-Men: The Last Stand
33%
Film2004Y.M.I.
33%
TV Film1999You Know My Name
33%
TV Show1999-2000Action
17%
Film1995Best of the Best 3: No Turning Back
17%
TV Show1989China Beach
17%
TV Show1992Civil Wars
17%
Commercial1996Coors Beer
17%
Video Game2016Disney Magic Kingdoms
17%
TV Show1991FBI: The Untold Stories
17%
TV Show2003Fillmore!
17%
Film2002Frank McKlusky, C.I.
17%
Commercial1998Fritos
17%
Commercial2010Geico
17%
TV Show1996High Incident
17%
TV Film1995Kidnapped
17%
TV Show1998Maximum Bob
17%
TV Show2015Military Makeover with Montel
17%
Film1994Naked Gun 33⅓: The Final Insult
17%
TV Show1997Promised Land
17%
TV Show1993Raven
17%
TV Film1994Rise and Walk: The Dennis Byrd Story
17%
Film1995Savate
17%
Short Film2013Someone Picked the Wrong Girl
17%
Film1997Starship Troopers
17%
TV Show2001The District
17%
TV Show2001This Week in History
17%
Commercial2007Tide to Go
17%
Commercial2003Toyota Tundra
17%
Commercial2011Wonderful Pistachios
17%
Award Show20042004 American Veteran Awards
0%
Film1997Dead Man Can't Dance
0%
TV Show2011Designing Spaces
0%
TV Documentary2010For Love of Liberty: The Story of America's Black Patriots
0%
TV Show1997JAG
0%
Theme Park Attraction2008Toy Story Midway Mania!
0%
Film1991True Identity
0%

Score Distribution

Percentile by Number Answered

Percent of People with Each Score

Your Score History

You have not taken this quiz since the last reset